LEADER 01209nam a2200289 a 4500 001 000000123029 003 CaOOAMICUS 005 20100922121745.0 008 100922s2010 nyu u000 u eng r 020 $a978-0-230-62226-5 040 $aPUL$bita$dMCT 082 04$a296.3 100 1 $aBrill, Alan.$0(OLS)http://pul/name/77367 245 10$aJudaism and other religions :$bmodels of understanding /$cAlan Brill. 260 $aNew York :$bPalgrave Macmillan,$c©2010. 300 $axiv, 275 p. ;$c22 cm 500 $aInclude indice. 504 $aBibliografia p. [259]-267. 650 4$aGiudaismo$xRelazioni$xCristianesimo.$0(OLS)http://pul/subject/5416 850 $aPUL 852 $aPUL$W1$xSL Religione 3$y85$m296. 3 BRIAL 1$j141336$qDDC 21$B140381$CPULBib$Z2$F140381 $H114756 $82 941 1 $a9 960 $aCristianesimo e altre religioni$xGiudaismo$95416 996 $6020$a978-0-230-62226-5$9(OLS)http://pul/number/145392 996 $6082$a296.3$9(OLS)http://pul/classification/734 996 $6245$aJudaism and other religions :$bmodels of understanding$9(OLS)http://pul/title/155059 996 $6260$aNew York :$bPalgrave Macmillan$9(OLS)http://pul/publisher/75784 LEADER 01507nam a2200337 a 4500 001 000000149754 003 CaOOAMICUS 005 20160225152437.0 008 160225s2011 it u000 u ita r 020 $a978-88-250-2967-3* 032 $aLibriCat 040 $aPUL$bita 082 14$a264.3 245 00$aOrdinamento generale del messale romano :$bcommento e testo /$ca cura di Rinaldo Falsini e Angelo Lameri. 260 $aPadova :$bMessaggero di Sant'Antonio,$c©2011. 300 $a255 p. ;$c21 cm. 490 1 $aAscoltare celebrare vivere. Formazione ;$v7 504 $aBibliografia in nota. a piè pagina. 650 4$aMessa$xRiti e cerimonie.$0(OLS)http://pul/subject/7976 650 4$aLiturgia$xStudi.$0(OLS)http://pul/subject/13193 700 1 $aFalsini, Rinaldo,$cO.F.M.,$d1924-$0(OLS)http://pul/name/26069 700 1 $aLameri, Angelo.$0(OLS)http://pul/name/65595 830 0$aAscoltare celebrare vivere. Formazione ;$v7.$0(OLS)http://pul/title/188782 850 $aPUL 852 $aPUL$W1$xSL Religione 3$y85$m264. 3 FALRI 1$j172401$qDDC 21$B174100$CPULBib$Z2$F174100 $H127327 $81 941 1 $a9 996 $6020$a978-88-250-2967-3*$9(OLS)http://pul/number/159855 996 $6082$a264.3$9(OLS)http://pul/classification/2923 996 $6245$aOrdinamento generale del messale romano :$bcommento e testo$9(OLS)http://pul/title/188781 996 $6260$aPadova :$bMessaggero di Sant'Antonio$9(OLS)http://pul/publisher/70267